| 000 | 01093nam a2200301 4500 | ||
|---|---|---|---|
| 001 | 230 | ||
| 003 | OSt | ||
| 005 | 20250528074015.0 | ||
| 008 | 250204b |||||||e |||| 00| 1 eng d | ||
| 020 | _a9788532522085 | ||
| 040 | _bpor | ||
| 041 |
_hspa _apor |
||
| 082 |
_a863 _bF183c |
||
| 100 | 1 |
_aFalcones de Sierra, Ildefonso, _d1959- _9429 |
|
| 240 | _aLa catedral del mar | ||
| 245 |
_aA catedral do mar / _cFalcones, Idelfonso ; Tradução de Cristina Cavalcanti |
||
| 260 |
_aRio de Janeiro _bRocco _c2007 |
||
| 300 | _a589 p. | ||
| 520 | _aO catalão Ildefonso Falcones conta em A catedral do mar uma saga épica sobre a vida de reviravoltas de Arnau Estanyol e sua ascensão de filho de servo a barão, tendo como pano de fundo a construção da igreja de Santa Maria do Mar, um dos mais belos templos góticos medievais. | ||
| 650 | 0 |
_aLiteratura espanhola _9144 |
|
| 650 | 0 |
_aMedieval _9170 |
|
| 650 | 0 |
_aHistórico _953 |
|
| 650 | 0 |
_aAventura _947 |
|
| 655 | 0 |
_aRomance _923 |
|
| 655 | 0 |
_aFicção _922 |
|
| 700 |
_aA catedral Cavalcanti _eTradutor _9430 |
||
| 942 |
_2ddc _n0 _cBK |
||
| 999 |
_c230 _d230 |
||